Những phẩm chất tâm lý của người giáo viên Cuốn sách về người giáo viên
Saved in:
| Main Author: | |
|---|---|
| Format: | Book |
| Tags: |
Add Tag
No Tags, Be the first to tag this record!
|
| Institutions: | Mạng thư viện Đại học Đà Nẵng |
|---|
| LEADER | 00796nam a2200217 4500 | ||
|---|---|---|---|
| 001 | 000006167 | ||
| 003 | 2322 | ||
| 005 | 20150812140822.0 | ||
| 008 | 110901s sd | ||
| 100 | 0 | |a Gônôbôlin, Ph. N. | |
| 245 | 0 | 0 | |a Những phẩm chất tâm lý của người giáo viên |b Cuốn sách về người giáo viên |c Gônôbôlin, Ph. N. |
| 774 | |a Gônôbôlin, Ph. N. |b In lại lần 2 |d Giáo dục |d H. |d 1977 |g Tập 1 |h 167 tr |n Dịch từ nguyên bản tiếng tiếng Nga |w 2324 | ||
| 774 | |a Gônôbôlin, Ph. N. |d Giáo dục |d H. |d 1979 |g Tập 2 |h 164 tr |w 2325 | ||
| OWN | |a LSP | ||
| 999 | |a From the UDN01 | ||
| TYP | |a Monograph | ||
| TYP | |a Printed language | ||
| 980 | |a Mạng thư viện Đại học Đà Nẵng | ||